| 000 | 01242nac a22003011u 4500 | ||
|---|---|---|---|
| 010 | _a 2007451267 | ||
| 020 | _a3527406514 | ||
| 020 | _a3527406514 | ||
| 035 | _a(OCoLC)ocm56448922 | ||
| 082 | 0 | 0 |
_a620.5 _bWOL |
| 090 |
_c8474 _d8474 |
||
| 100 | _aWolf, E. L. | ||
| 245 | 1 | 0 |
_aNanophysics and nanotechnology : _ban introduction to modern concepts in nanoscience / _cEdward L. Wolf. |
| 250 | _a2nd, updated and enl. ed. | ||
| 260 |
_aWeinheim : _bWiley-VCH, _cc2006. |
||
| 300 |
_axv, 292 p. : _bill. ; _c24 cm. |
||
| 490 | 0 | _aPhysics textbook | |
| 500 | _aDistributer: Al-Ahram. | ||
| 504 | _aIncludes bibliographical references and index. | ||
| 511 | _aCatalogued By: Mahitab. | ||
| 650 | 0 | _aNanoscience. | |
| 650 | 0 | _aNanotechnology. | |
| 856 | 4 | 2 |
_3Contributor biographical information _uhttp://www.loc.gov/catdir/enhancements/fy0666/2006436559-b.html |
| 856 | 4 | 2 |
_3Publisher description _uhttp://www.loc.gov/catdir/enhancements/fy0666/2006436559-d.html |
| 856 | 4 | 2 |
_3Table of contents only _uhttp://www.loc.gov/catdir/enhancements/fy0666/2006436559-t.html |
| 942 |
_cBB _k620.5WOL |
||
| 999 |
_c8474 _d8474 |
||